[Event "16. Open Ciutat de Montcada 2008"]
[Site "Montcada i Reixac ESP"]
[Date "2008.06.27"]
[Round "3.7"]
[White "Strohhaeker, Raoul"]
[Black "Narciso Dublan, Marc"]
[Result "1/2-1/2"]
[WhiteElo "2393"]
[BlackElo "2509"]
[PlyCount "90"]
[EventDate "2008.06.25"]
[EventType "swiss"]
[EventRounds "9"]
[EventCountry "ESP"]
[Source "lmi"]
[SourceDate "2008.06.25"]

1. e4 g6 2. d4 Bg7 3. Nc3 d6 4. f4 Nf6 5. Nf3 O-O 6. Bd3 Na6 7. O-O c5 8. d5
Bg4 9. Bxa6 bxa6 10. h3 Bxf3 11. Qxf3 Rb8 12. Rb1 Ne8 13. b3 e6 14. Bb2 Nc7 15.
f5 Bd4+ 16. Kh1 Qh4 17. f6 Rfe8 18. Nd1 exd5 19. exd5 Re1 20. Bxd4 Rxf1+ 21.
Qxf1 Qxd4 22. Nb2 Nxd5 23. Rd1 Qxf6 24. Qxf6 Nxf6 25. Rxd6 Rb6 26. Rd8+ Kg7 27.
Rc8 Ne4 28. Nd3 Rf6 29. Nxc5 Ng3+ 30. Kh2 Nf1+ 31. Kg1 Ne3 32. Nd3 Rf1+ 33. Kh2
h5 34. h4 Rd1 35. Rc6 Rd2 36. Nf4 Rxc2 37. Rxa6 Ng4+ 38. Kh3 Rc1 39. Rxa7 Rc3+
40. g3 Rc2 41. Ng2 Rc1 42. Nf4 Rc2 43. Ng2 Nf2+ 44. Kh2 Ng4+ 45. Kh3 Rc1
1/2-1/2

[Event "16. Open Ciutat de Montcada 2008"]
[Site "Montcada i Reixac ESP"]
[Date "2008.06.27"]
[Round "3.8"]
[White "Cuartas, Jaime Alexander"]
[Black "Antoli Royo, Joaquin Miguel"]
[Result "1/2-1/2"]
[WhiteElo "2496"]
[BlackElo "2386"]
[PlyCount "126"]
[EventDate "2008.06.25"]
[EventType "swiss"]
[EventRounds "9"]
[EventCountry "ESP"]
[Source "lmi"]
[SourceDate "2008.06.25"]

1. e4 c5 2. Nf3 Nc6 3. c3 d5 4. exd5 Qxd5 5. d4 Nf6 6. dxc5 Qxc5 7. Na3 Qa5 8.
Bf4 Bg4 9. Nc4 Qf5 10. Bg3 Rd8 11. Qe2 Ne4 12. Ne3 Qa5 13. Qb5 Qxb5 14. Bxb5
Nxg3 15. hxg3 Bd7 16. O-O-O g6 17. Nd5 Rc8 18. Ng5 Bg7 19. Rhe1 e6 20. Ne3 a6
21. Bf1 Rd8 22. Nc4 O-O 23. Nb6 Nb8 24. Nxd7 Rxd7 25. Rxd7 Nxd7 26. Ne4 Rc8 27.
Rd1 Rc7 28. Kc2 Kf8 29. f3 Ke7 30. g4 Nc5 31. Nd2 Na4 32. g5 h6 33. gxh6 Bxh6
34. Ne4 Nc5 35. Nxc5 Rxc5 36. c4 Rc7 37. b4 Rd7 38. Bd3 Kd8 39. c5 Kc7 40. Rh1
Bf8 41. Rh8 Bg7 42. Rh7 Be5 43. Be4 Bd4 44. Kb3 Be3 45. g4 Bg5 46. a4 Be3 47.
Kc4 Rd4+ 48. Kc3 Rd7 49. a5 Bg5 50. b5 axb5 51. Kb4 Re7 52. Rh8 f5 53. Bc2 Kc6
54. Rc8+ Kd7 55. Rg8 Kc6 56. Rd8 Rd7 57. Rxd7 Kxd7 58. Kxb5 Kc7 59. Bb3 fxg4
60. fxg4 Bd2 61. Bxe6 g5 62. Bd5 Be1 63. Be4 Bd2 1/2-1/2

[Event "16. Open Ciutat de Montcada 2008"]
[Site "Montcada i Reixac ESP"]
[Date "2008.06.27"]
[Round "3.9"]
[White "Barsov, Alexei"]
[Black "Mihailovs, Jurijs"]
[Result "1-0"]
[WhiteElo "2480"]
[BlackElo "2393"]
[PlyCount "53"]
[EventDate "2008.06.25"]
[EventType "swiss"]
[EventRounds "9"]
[EventCountry "ESP"]
[Source "lmi"]
[SourceDate "2008.06.25"]

1. d4 Nf6 2. Nf3 e6 3. c4 Bb4+ 4. Nbd2 b6 5. g3 Bb7 6. Bg2 O-O 7. O-O Be7 8.
Qc2 c5 9. e4 cxd4 10. e5 Ne8 11. Ng5 Bxg5 12. Bxb7 Nc6 13. Bxa8 Qxa8 14. Nf3
Be7 15. Qe4 f5 16. Qe2 Nc7 17. Bg5 Qd8 18. Bxe7 Qxe7 19. Rad1 Qc5 20. b4 Nxb4
21. Rxd4 Rd8 22. Rfd1 b5 23. Rxd7 Rxd7 24. Rxd7 bxc4 25. Ng5 g6 26. Rd8+ Kg7
27. Rc8 1-0

[Event "16. Open Ciutat de Montcada 2008"]
[Site "Montcada i Reixac ESP"]
[Date "2008.06.27"]
[Round "3.10"]
[White "Burgos Figueroa, Carlos E"]
[Black "Munoz Pantoja, Miguel"]
[Result "1/2-1/2"]
[WhiteElo "2259"]
[BlackElo "2478"]
[PlyCount "82"]
[EventDate "2008.06.25"]
[EventType "swiss"]
[EventRounds "9"]
[EventCountry "ESP"]
[Source "lmi"]
[SourceDate "2008.06.25"]

1. Nf3 c5 2. b3 Nc6 3. Bb2 d6 4. d4 cxd4 5. Nxd4 e5 6. Nxc6 bxc6 7. g3 Nf6 8.
Bg2 Qb6 9. O-O Be7 10. c4 O-O 11. e4 a5 12. Nc3 a4 13. Qc2 axb3 14. Qxb3 Qa6
15. Nd1 Be6 16. Ne3 Nd7 17. Qc2 Rfb8 18. Rfd1 g6 19. f4 f6 20. Kh1 Nc5 21. f5
Bf7 22. h4 Rb4 23. Bc3 Rb7 24. Be1 Qa3 25. Qe2 Rb2 26. Qf3 Bf8 27. Bf2 Nxe4 28.
Qxe4 Rxf2 29. Qxc6 Qxe3 30. Qxa8 Qxg3 31. fxg6 hxg6 32. Rf1 Qxh4+ 33. Kg1 Rxf1+
34. Rxf1 Qd4+ 35. Rf2 Bxc4 36. a4 d5 37. Qe8 Qd1+ 38. Bf1 Qg4+ 39. Rg2 Qd4+ 40.
Rf2 Qg4+ 41. Rg2 Qd4+ 1/2-1/2

[Event "16. Open Ciutat de Montcada 2008"]
[Site "Montcada i Reixac ESP"]
[Date "2008.06.28"]
[Round "4.1"]
[White "Lopez Martinez, Josep Manuel"]
[Black "Gonzalez Vidal, Yuri"]
[Result "0-1"]
[WhiteElo "2575"]
[BlackElo "2477"]
[PlyCount "126"]
[EventDate "2008.06.25"]
[EventType "swiss"]
[EventRounds "9"]
[EventCountry "ESP"]
[Source "lmi"]
[SourceDate "2008.06.25"]

1. e4 c5 2. Nf3 d6 3. d4 cxd4 4. Nxd4 Nf6 5. Nc3 g6 6. Be3 Bg7 7. f3 O-O 8. Qd2
Nc6 9. Bc4 Bd7 10. O-O-O Ne5 11. Bb3 Rc8 12. Kb1 Re8 13. h4 h5 14. Bh6 Qa5 15.
Bxg7 Kxg7 16. Rhe1 Nc4 17. Bxc4 Rxc4 18. Nb3 Qc7 19. f4 Bg4 20. Rc1 Rd8 21. Qe3
a6 22. Nd2 Rc5 23. Nb3 Rc4 24. f5 d5 25. exd5 Bxf5 26. Nd4 Bg4 27. Nf3 Bxf3 28.
Qxf3 b5 29. a3 Rxh4 30. Rcd1 Rc4 31. Rd3 Qb7 32. Re5 Rd7 33. Qe2 Ng4 34. Re4
Rxe4 35. Qxe4 Qb6 36. Rd4 Nf6 37. Qf4 Qc5 38. a4 b4 39. Rxb4 Qg1+ 40. Ka2 Qxg2
41. Kb3 Nxd5 42. Qe5+ f6 43. Qe6 Rd6 44. Qe1 Kf7 45. Nxd5 Qxd5+ 46. Ka3 Qc5 47.
Kb3 Re6 48. Qd1 Rb6 49. c3 a5 50. Rxb6 Qxb6+ 51. Kc2 Qc6 52. Qd4 g5 53. b3 h4
54. Qg4 Kg6 55. b4 Qxa4+ 56. Kb2 axb4 57. Qe4+ Kh6 58. cxb4 Qd7 59. Qe2 h3 60.
b5 Qd4+ 61. Kb3 Qd5+ 62. Ka4 Qd4+ 63. Kb3 Qd6 0-1

[Event "16. Open Ciutat de Montcada 2008"]
[Site "Montcada i Reixac ESP"]
[Date "2008.06.28"]
[Round "4.2"]
[White "Rojas, Luis"]
[Black "Radulski, Julian"]
[Result "1/2-1/2"]
[WhiteElo "2428"]
[BlackElo "2514"]
[PlyCount "106"]
[EventDate "2008.06.25"]
[EventType "swiss"]
[EventRounds "9"]
[EventCountry "ESP"]
[Source "lmi"]
[SourceDate "2008.06.25"]

1. e4 e5 2. Nf3 Nc6 3. d4 exd4 4. Nxd4 Bc5 5. Nb3 Bb6 6. Nc3 Nf6 7. Bd3 d6 8.
Na4 O-O 9. Nxb6 axb6 10. O-O Re8 11. Re1 Ng4 12. h3 Nge5 13. Bf1 f5 14. exf5
Bxf5 15. Be3 Qf6 16. Nd4 Bxh3 17. Nxc6 bxc6 18. gxh3 Nf3+ 19. Kh1 Nxe1 20. Qxe1
Qxb2 21. Qd1 Qf6 22. c4 Rad8 23. Rc1 d5 24. cxd5 cxd5 25. Rxc7 d4 26. Bd2 Qxf2
27. Bh6 Rd5 28. Rxg7+ Kh8 29. Rg2 Qf5 30. Bg7+ Kg8 31. Bc4 Qxh3+ 32. Rh2 Qc3
33. Bxd5+ Kxg7 34. Qg4+ Kh8 35. Rg2 Qc1+ 36. Rg1 Qh6+ 37. Kg2 Qd2+ 38. Kg3 Qe3+
39. Kh2 Qh6+ 40. Kg3 Qe3+ 41. Kh2 Qh6+ 42. Qh3 Qd6+ 43. Qg3 Qh6+ 44. Kg2 Qh5
45. Bf3 Qh6 46. Re1 Qd2+ 47. Kf1 Rxe1+ 48. Qxe1 Qf4 49. Qe4 Qf6 50. Ke2 Qd6 51.
Kd3 Qa3+ 52. Kxd4 Qc5+ 53. Kd3 Qa3+ 1/2-1/2

[Event "16. Open Ciutat de Montcada 2008"]
[Site "Montcada i Reixac ESP"]
[Date "2008.06.28"]
[Round "4.4"]
[White "Roy Chowdhury, Saptarshi"]
[Black "Barsov, Alexei"]
[Result "1/2-1/2"]
[WhiteElo "2434"]
[BlackElo "2480"]
[PlyCount "31"]
[EventDate "2008.06.25"]
[EventType "swiss"]
[EventRounds "9"]
[EventCountry "ESP"]
[Source "lmi"]
[SourceDate "2008.06.25"]

1. d4 Nf6 2. Nf3 d5 3. e3 g6 4. Nbd2 Bg7 5. b4 a5 6. b5 c5 7. bxc6 bxc6 8. Ba3
O-O 9. Be2 Na6 10. O-O c5 11. c3 Qc7 12. Rc1 c4 13. h3 Bf5 14. Ne5 Rfb8 15. Re1
Ne4 16. Nxe4 1/2-1/2

[Event "16. Open Ciutat de Montcada 2008"]
[Site "Montcada i Reixac ESP"]
[Date "2008.06.28"]
[Round "4.5"]
[White "Antoli Royo, Joaquin Miguel"]
[Black "Moskalenko, Viktor"]
[Result "1/2-1/2"]
[WhiteElo "2386"]
[BlackElo "2572"]
[PlyCount "44"]
[EventDate "2008.06.25"]
[EventType "swiss"]
[EventRounds "9"]
[EventCountry "ESP"]
[Source "lmi"]
[SourceDate "2008.06.25"]

1. e4 e6 2. d4 d5 3. Nd2 Nf6 4. e5 Nfd7 5. Bd3 c5 6. c3 Nc6 7. Ngf3 g6 8. h4 h6
9. Bc2 Bg7 10. O-O O-O 11. Re1 cxd4 12. cxd4 f6 13. exf6 Qxf6 14. Qe2 e5 15.
Bb3 Nxd4 16. Nxd4 exd4 17. Bxd5+ Kh8 18. Nf3 Nc5 19. Qc4 Qd6 20. Nxd4 Bd7 21.
Be3 Rac8 22. Rad1 Na4 1/2-1/2

[Event "16. Open Ciutat de Montcada 2008"]
[Site "Montcada i Reixac ESP"]
[Date "2008.06.28"]
[Round "4.7"]
[White "Corrales Jimenez, Fidel"]
[Black "Strohhaeker, Raoul"]
[Result "1-0"]
[WhiteElo "2502"]
[BlackElo "2393"]
[PlyCount "55"]
[EventDate "2008.06.25"]
[EventType "swiss"]
[EventRounds "9"]
[EventCountry "ESP"]
[Source "lmi"]
[SourceDate "2008.06.25"]

1. e4 c5 2. Nf3 e6 3. d4 cxd4 4. Nxd4 a6 5. Bd3 Bc5 6. Nb3 Ba7 7. Qe2 Nc6 8.
Be3 d6 9. N1d2 Nge7 10. f4 O-O 11. O-O-O Nb4 12. Bxa7 Rxa7 13. a3 Nxd3+ 14.
Qxd3 b5 15. Nf3 Rd7 16. h4 Qc7 17. h5 e5 18. h6 g6 19. Qe3 a5 20. fxe5 dxe5 21.
Nc5 Rxd1+ 22. Rxd1 Bg4 23. Rd2 Rc8 24. Nh2 Be2 25. Rd7 Qc6 26. Rxe7 Kf8 27.
Rxe5 Qd6 28. Qxe2 1-0

[Event "16. Open Ciutat de Montcada 2008"]
[Site "Montcada i Reixac ESP"]
[Date "2008.06.28"]
[Round "4.8"]
[White "Panelo, Marcelo"]
[Black "Cuartas, Jaime Alexander"]
[Result "0-1"]
[WhiteElo "2403"]
[BlackElo "2496"]
[PlyCount "76"]
[EventDate "2008.06.25"]
[EventType "swiss"]
[EventRounds "9"]
[EventCountry "ESP"]
[Source "lmi"]
[SourceDate "2008.06.25"]

1. d4 d5 2. c4 c6 3. Nc3 Nf6 4. Nf3 e6 5. Bg5 Nbd7 6. e3 Qa5 7. cxd5 Nxd5 8.
Qd2 N7b6 9. Rc1 Nxc3 10. bxc3 Nd5 11. Bc4 Ba3 12. Rb1 Nxc3 13. O-O b5 14. Rb3
bxc4 15. Qxc3 Qxc3 16. Rxc3 Bb2 17. Rxc4 Ba6 18. Nd2 Ba3 19. Rb1 Bxc4 20. Nxc4
f6 21. Bf4 Be7 22. Rb7 Rf8 23. a4 e5 24. dxe5 O-O-O 25. Rb1 Kd7 26. g4 Ke6 27.
exf6 gxf6 28. Na5 c5 29. Nc6 Rd7 30. Nb8 Rd3 31. Nc6 Bd6 32. Bxd6 Rxd6 33. Nxa7
Ra6 34. Nb5 Rxa4 35. h3 Rb4 36. Nd4+ Kd5 37. Nb3 Kc4 38. Nd2+ Kd3 0-1

[Event "16. Open Ciutat de Montcada 2008"]
[Site "Montcada i Reixac ESP"]
[Date "2008.06.29"]
[Round "5.1"]
[White "Gonzalez Vidal, Yuri"]
[Black "Rojas, Luis"]
[Result "1-0"]
[WhiteElo "2477"]
[BlackElo "2428"]
[PlyCount "81"]
[EventDate "2008.06.25"]
[EventType "swiss"]
[EventRounds "9"]
[EventCountry "ESP"]
[Source "lmi"]
[SourceDate "2008.06.25"]

1. d4 Nf6 2. c4 g6 3. Nc3 d5 4. Nf3 Bg7 5. e3 O-O 6. b4 b6 7. Ba3 Bb7 8. Qb3 c6
9. Rc1 Nbd7 10. cxd5 cxd5 11. Be2 a6 12. b5 a5 13. O-O Re8 14. Rc2 Rc8 15. Rfc1
e5 16. Nxe5 Nxe5 17. dxe5 Rxe5 18. Na4 Rb8 19. Bf3 Ne4 20. Bb2 Re6 21. Bxg7
Kxg7 22. Rc7 Qf6 23. Qd1 Ng5 24. Bg4 Re4 25. Nc3 Rb4 26. Rxb7 Rxb7 27. Nxd5 Qd8
28. Nxb4 Qxd1+ 29. Rxd1 axb4 30. h4 Ne4 31. Bf3 Re7 32. Bxe4 Rxe4 33. Rd4 Rxd4
34. exd4 Kf6 35. Kf1 Kf5 36. f3 Ke6 37. Ke2 Kd5 38. Kd3 f5 39. g4 h6 40. h5
gxh5 41. gxf5 1-0

[Event "16. Open Ciutat de Montcada 2008"]
[Site "Montcada i Reixac ESP"]
[Date "2008.06.29"]
[Round "5.2"]
[White "Radulski, Julian"]
[Black "Lopez Martinez, Josep Manuel"]
[Result "1-0"]
[WhiteElo "2514"]
[BlackElo "2575"]
[PlyCount "89"]
[EventDate "2008.06.25"]
[EventType "swiss"]
[EventRounds "9"]
[EventCountry "ESP"]
[Source "lmi"]
[SourceDate "2008.06.25"]

1. e4 c5 2. Nf3 e6 3. d4 cxd4 4. Nxd4 a6 5. Nc3 Qc7 6. Bd3 Bc5 7. Nb3 Be7 8.
O-O Nf6 9. f4 d6 10. Be3 Nbd7 11. Qf3 b6 12. g4 h6 13. Qh3 Nh7 14. Bd4 e5 15.
Nd5 Qd8 16. fxe5 dxe5 17. Bc3 O-O 18. Rad1 Bd6 19. Be2 Ng5 20. Qg2 Bb7 21. h4
Ne6 22. Ne3 Qc7 23. g5 hxg5 24. Rxd6 Qxd6 25. Nf5 Qc7 26. Ne7+ Kh8 27. hxg5
Bxe4 28. Qxe4 Nxg5 29. Qh4+ Nh7 30. Bd3 g6 31. Rf2 Ndf6 32. Bxg6 fxg6 33. Nxg6+
Kg8 34. Rg2 Rf7 35. Bxe5 Qd7 36. Bxf6 Qd1+ 37. Kh2 Rxf6 38. Qc4+ Kg7 39. Ne7+
Kf8 40. Qg8+ Kxe7 41. Qxh7+ Ke6 42. Qe4+ Kd6 43. Qb4+ Ke6 44. Nd4+ Kd7 45. Rg7+
1-0

[Event "16. Open Ciutat de Montcada 2008"]
[Site "Montcada i Reixac ESP"]
[Date "2008.06.29"]
[Round "5.3"]
[White "Bruzon Batista, Lazaro"]
[Black "Granados Gomez, Manuel"]
[Result "1-0"]
[WhiteElo "2608"]
[BlackElo "2417"]
[PlyCount "57"]
[EventDate "2008.06.25"]
[EventType "swiss"]
[EventRounds "9"]
[EventCountry "ESP"]
[Source "lmi"]
[SourceDate "2008.06.25"]

1. e4 e5 2. Nf3 Nc6 3. Bb5 Bc5 4. c3 Nf6 5. d4 exd4 6. e5 Ne4 7. O-O d5 8. cxd4
Bb6 9. Be3 O-O 10. Bxc6 bxc6 11. Qc2 f5 12. Qxc6 f4 13. Qxa8 Qd7 14. Bxf4 Ba6
15. Qxf8+ Kxf8 16. Re1 c5 17. Be3 cxd4 18. Bxd4 Qc7 19. Nc3 Bxd4 20. Nxd4 Qxe5
21. Rad1 Qf6 22. Nxe4 dxe4 23. Rxe4 Bc4 24. Nf3 Bxa2 25. Rdd4 g5 26. h4 h6 27.
hxg5 hxg5 28. Re5 Qb6 29. b4 1-0

[Event "16. Open Ciutat de Montcada 2008"]
[Site "Montcada i Reixac ESP"]
[Date "2008.06.29"]
[Round "5.4"]
[White "Barsov, Alexei"]
[Black "Peralta, Fernando"]
[Result "0-1"]
[WhiteElo "2480"]
[BlackElo "2546"]
[PlyCount "80"]
[EventDate "2008.06.25"]
[EventType "swiss"]
[EventRounds "9"]
[EventCountry "ESP"]
[Source "lmi"]
[SourceDate "2008.06.25"]

1. d4 d5 2. c4 c6 3. cxd5 cxd5 4. Nf3 Nc6 5. Nc3 Nf6 6. Bf4 Bf5 7. e3 e6 8. Bb5
Nd7 9. O-O Be7 10. Qb3 g5 11. Be5 Rg8 12. Rfc1 Kf8 13. Bg3 g4 14. Bxc6 bxc6 15.
Ne5 Nxe5 16. Bxe5 f6 17. Bf4 Kf7 18. Na4 Qa5 19. Rxc6 Rac8 20. Qb7 Rxc6 21.
Qxc6 e5 22. b4 Qxb4 23. dxe5 Rc8 24. Qxd5+ Be6 25. Qd3 f5 26. Qa6 Rc4 27. Qxa7
Qxa4 28. Qb8 Qxa2 29. Rf1 Rc8 30. Qb7 Qd5 31. Qa7 Ra8 32. Qc7 Rc8 33. Qa7 Qa8
34. Qb6 Qc6 35. Qd4 h5 36. f3 gxf3 37. gxf3 Rg8+ 38. Kh1 Qc4 39. Qa1 Qe2 40.
Bg3 Qxe3 0-1

[Event "16. Open Ciutat de Montcada 2008"]
[Site "Montcada i Reixac ESP"]
[Date "2008.06.29"]
[Round "5.5"]
[White "Asis Gargatagli, Hipolit"]
[Black "Narciso Dublan, Marc"]
[Result "0-1"]
[WhiteElo "2390"]
[BlackElo "2509"]
[PlyCount "64"]
[EventDate "2008.06.25"]
[EventType "swiss"]
[EventRounds "9"]
[EventCountry "ESP"]
[Source "lmi"]
[SourceDate "2008.06.25"]

1. e4 c5 2. b3 Nf6 3. e5 Nd5 4. Bb2 g6 5. Nc3 Nxc3 6. Bxc3 Bg7 7. Nf3 O-O 8.
Bc4 Nc6 9. O-O b6 10. Re1 Bb7 11. Qe2 Qc7 12. Rad1 e6 13. d4 cxd4 14. Nxd4 Nxe5
15. Nxe6 Qc6 16. Bd5 Qxc3 17. Nxf8 Bxd5 18. Rxd5 Rxf8 19. Qd2 Rc8 20. Qxc3 Rxc3
21. f4 Ng4 22. Rxd7 Bf8 23. h3 Bc5+ 24. Kh1 Nf6 25. Rxa7 Rxc2 26. g4 Kg7 27. a3
Ra2 28. a4 Rb2 29. Rb7 Rxb3 30. a5 Ra3 31. axb6 Nd5 32. Re5 Nxf4 0-1

[Event "16. Open Ciutat de Montcada 2008"]
[Site "Montcada i Reixac ESP"]
[Date "2008.06.29"]
[Round "5.6"]
[White "Martinez Martin, David"]
[Black "Corrales Jimenez, Fidel"]
[Result "0-1"]
[WhiteElo "2424"]
[BlackElo "2502"]
[PlyCount "74"]
[EventDate "2008.06.25"]
[EventType "swiss"]
[EventRounds "9"]
[EventCountry "ESP"]
[Source "lmi"]
[SourceDate "2008.06.25"]

1. d4 Nf6 2. c4 e6 3. Nf3 b6 4. g3 Ba6 5. Qc2 Bb4+ 6. Bd2 Be7 7. Bg2 d5 8. b3
O-O 9. O-O c5 10. cxd5 Bxe2 11. Re1 Bxf3 12. Bxf3 Nxd5 13. dxc5 Bxc5 14. Nc3
Nb4 15. Qd1 N8c6 16. Na4 Rc8 17. Nxc5 bxc5 18. a3 Nd5 19. Rc1 Qb6 20. Bg2 Rfd8
21. Bg5 Rd7 22. b4 cxb4 23. axb4 Qxb4 24. Re4 Qb7 25. Qh5 Nce7 26. Rxc8+ Qxc8
27. Rh4 h6 28. Bxh6 Ng6 29. Bxg7 Qc1+ 30. Bf1 Kxg7 31. Qh7+ Kf8 32. Rc4 Qd2 33.
Qh5 Nf6 34. Qc5+ Kg7 35. h4 Qe1 36. Rc1 Qe5 37. Qa3 a5 0-1

[Event "16. Open Ciutat de Montcada 2008"]
[Site "Montcada i Reixac ESP"]
[Date "2008.06.29"]
[Round "5.7"]
[White "Cuartas, Jaime Alexander"]
[Black "Roy Chowdhury, Saptarshi"]
[Result "1/2-1/2"]
[WhiteElo "2496"]
[BlackElo "2434"]
[PlyCount "74"]
[EventDate "2008.06.25"]
[EventType "swiss"]
[EventRounds "9"]
[EventCountry "ESP"]
[Source "lmi"]
[SourceDate "2008.06.25"]

1. e4 c5 2. c3 d6 3. d4 Nf6 4. dxc5 Nc6 5. f3 dxc5 6. Qxd8+ Kxd8 7. Be3 e6 8.
Na3 a6 9. Nc4 Nd7 10. a4 Nce5 11. Nd2 b6 12. Be2 Bb7 13. Nh3 Be7 14. O-O h6 15.
f4 Nc6 16. Rfd1 Kc7 17. Nf2 Rad8 18. Nc4 Na5 19. f5 e5 20. Rab1 Nxc4 21. Bxc4
Nf6 22. Bxf7 Nxe4 23. Ng4 Bd6 24. Bd5 Bxd5 25. Rxd5 Rhf8 26. Rf1 h5 27. Nf2 Nf6
28. Rdd1 e4 29. Rfe1 Kc6 30. h3 Nd5 31. Bg5 Rde8 32. Nxe4 Rxf5 33. Be3 Bc7 34.
Ng3 Nxe3 35. Rxe3 Rg5 36. Ne4 Rf5 37. Ng3 Rg5 1/2-1/2

[Event "16. Open Ciutat de Montcada 2008"]
[Site "Montcada i Reixac ESP"]
[Date "2008.06.29"]
[Round "5.8"]
[White "Moskalenko, Viktor"]
[Black "Vehi Bach, Victor Manuel"]
[Result "1-0"]
[WhiteElo "2572"]
[BlackElo "2381"]
[PlyCount "64"]
[EventDate "2008.06.25"]
[EventType "swiss"]
[EventRounds "9"]
[EventCountry "ESP"]
[Source "lmi"]
[SourceDate "2008.06.25"]

1. e4 c5 2. Nc3 Nc6 3. g3 g6 4. Bg2 Bg7 5. f4 d6 6. d3 Nf6 7. Nf3 O-O 8. O-O
Rb8 9. h3 b5 10. g4 b4 11. Ne2 Nd7 12. Kh1 Nd4 13. Nexd4 cxd4 14. b3 a5 15. a3
Nc5 16. axb4 axb4 17. f5 e5 18. Qe1 Re8 19. Bd2 Qb6 20. Qh4 Qd8 21. f6 Bxf6 22.
Bg5 Be7 23. Bxe7 Rxe7 24. Ng5 f6 25. Rxf6 Ne6 26. Raf1 Nxg5 27. Qxg5 Ba6 28. h4
Qe8 29. h5 Rg7 30. h6 Rc7 31. R6f2 Qe7 32. Qxe7 Rxe7 1-0

[Event "16. Open Ciutat de Montcada 2008"]
[Site "Montcada i Reixac ESP"]
[Date "2008.06.29"]
[Round "5.9"]
[White "Perpinya Rofes, Lluis Maria"]
[Black "Fluvia Poyatos, Jordi"]
[Result "0-1"]
[WhiteElo "2414"]
[BlackElo "2504"]
[PlyCount "58"]
[EventDate "2008.06.25"]
[EventType "swiss"]
[EventRounds "9"]
[EventCountry "ESP"]
[Source "lmi"]
[SourceDate "2008.06.25"]

1. e4 c6 2. d4 d5 3. Nc3 dxe4 4. Nxe4 Nd7 5. Ng5 Ngf6 6. Bd3 g6 7. N1f3 Bg7 8.
O-O O-O 9. c3 h6 10. Ne4 Nxe4 11. Bxe4 c5 12. Bc2 cxd4 13. Nxd4 Nf6 14. h3 e5
15. Nb5 Bd7 16. Qe2 Bc6 17. Rd1 Qb8 18. a4 a6 19. Nd6 Nd5 20. c4 Nb4 21. Bb3
Qc7 22. Be3 Rad8 23. c5 a5 24. Rac1 Kh7 25. Bd2 f5 26. Nb5 Qe7 27. Bxb4 axb4
28. Rxd8 Rxd8 29. Qc4 Qg5 0-1

[Event "16. Open Ciutat de Montcada 2008"]
[Site "Montcada i Reixac ESP"]
[Date "2008.06.30"]
[Round "6.1"]
[White "Radulski, Julian"]
[Black "Gonzalez Vidal, Yuri"]
[Result "1/2-1/2"]
[WhiteElo "2514"]
[BlackElo "2477"]
[PlyCount "54"]
[EventDate "2008.06.25"]
[EventType "swiss"]
[EventRounds "9"]
[EventCountry "ESP"]
[Source "lmi"]
[SourceDate "2008.06.25"]

1. e4 e5 2. Nf3 Nc6 3. Bb5 a6 4. Ba4 Nf6 5. O-O Be7 6. Re1 b5 7. Bb3 d6 8. c3
O-O 9. h3 h6 10. d4 Re8 11. Nbd2 Bf8 12. Bc2 Bb7 13. d5 Nb8 14. b3 c6 15. c4
Nbd7 16. Nf1 Qc7 17. Bd2 Rec8 18. Rc1 bxc4 19. bxc4 Nc5 20. N3h2 a5 21. Qf3 Ba6
22. Ne3 Qd8 23. Nhg4 Nxg4 24. hxg4 Be7 25. Nf5 Bg5 26. Bxg5 hxg5 27. Bb1 Ra7
1/2-1/2

[Event "16. Open Ciutat de Montcada 2008"]
[Site "Montcada i Reixac ESP"]
[Date "2008.06.30"]
[Round "6.2"]
[White "Narciso Dublan, Marc"]
[Black "Bruzon Batista, Lazaro"]
[Result "0-1"]
[WhiteElo "2509"]
[BlackElo "2608"]
[PlyCount "70"]
[EventDate "2008.06.25"]
[EventType "swiss"]
[EventRounds "9"]
[EventCountry "ESP"]
[Source "lmi"]
[SourceDate "2008.06.25"]

1. d4 d5 2. c4 c6 3. Nf3 Nf6 4. Nc3 dxc4 5. a4 e6 6. e3 c5 7. Bxc4 Nc6 8. O-O
cxd4 9. exd4 Be7 10. Qe2 O-O 11. Rd1 Nd5 12. Ne5 Nxc3 13. bxc3 Nxe5 14. Qxe5
Bd7 15. Bd3 Bc6 16. Be3 Bf6 17. Qg3 Qa5 18. c4 Rfd8 19. f3 Rd7 20. Qf2 Rad8 21.
Be4 g6 22. g3 Qb4 23. Bxc6 bxc6 24. Rac1 Qxa4 25. Kg2 h5 26. Rd2 Qb4 27. Rb2
Qe7 28. Rd2 a5 29. h4 a4 30. Rcc2 e5 31. dxe5 Rxd2 32. Rxd2 Rxd2 33. Qxd2 Qxe5
34. Kh3 a3 35. Bh6 Qa1 0-1

[Event "16. Open Ciutat de Montcada 2008"]
[Site "Montcada i Reixac ESP"]
[Date "2008.06.30"]
[Round "6.4"]
[White "Roy Chowdhury, Saptarshi"]
[Black "Moskalenko, Viktor"]
[Result "0-1"]
[WhiteElo "2434"]
[BlackElo "2572"]
[PlyCount "68"]
[EventDate "2008.06.25"]
[EventType "swiss"]
[EventRounds "9"]
[EventCountry "ESP"]
[Source "lmi"]
[SourceDate "2008.06.25"]

1. e4 e6 2. d4 d5 3. e5 c5 4. c3 Qb6 5. Nf3 Nc6 6. Be2 Nh6 7. Bxh6 gxh6 8. Qd2
Bg7 9. O-O O-O 10. Na3 cxd4 11. cxd4 f6 12. exf6 Rxf6 13. Nc2 Bd7 14. b4 Be8
15. b5 Ne7 16. Ne5 Ng6 17. Ng4 Rf8 18. Nxh6+ Kh8 19. Ng4 Nf4 20. a4 Bg6 21.
Nge3 Rac8 22. Bg4 Qd8 23. Ne1 h5 24. Bf3 e5 25. dxe5 d4 26. Rd1 dxe3 27. fxe3
Ne6 28. Bxb7 Qxd2 29. Rxd2 Bh6 30. Rxf8+ Rxf8 31. Re2 Nc5 32. Bf3 Nxa4 33. Kf2
Nc3 34. Rd2 Ne4+ 0-1

[Event "16. Open Ciutat de Montcada 2008"]
[Site "Montcada i Reixac ESP"]
[Date "2008.06.30"]
[Round "6.5"]
[White "Antoli Royo, Joaquin Miguel"]
[Black "Fluvia Poyatos, Jordi"]
[Result "0-1"]
[WhiteElo "2386"]
[BlackElo "2504"]
[PlyCount "112"]
[EventDate "2008.06.25"]
[EventType "swiss"]
[EventRounds "9"]
[EventCountry "ESP"]
[Source "lmi"]
[SourceDate "2008.06.25"]

1. e4 c5 2. Nf3 d6 3. c3 Nf6 4. Be2 Bd7 5. d3 Bc6 6. O-O Nbd7 7. Nbd2 e6 8. Re1
Be7 9. Bf1 Ne5 10. d4 Nxf3+ 11. Qxf3 cxd4 12. cxd4 O-O 13. Qh3 e5 14. d5 Bd7
15. Qb3 b5 16. Nb1 Nh5 17. Bxb5 Rb8 18. Qf3 Rxb5 19. Qxh5 f5 20. Nc3 g6 21. Qe2
Rb7 22. exf5 gxf5 23. f4 e4 24. Be3 Bf6 25. Qd2 Bg7 26. Bd4 Rxb2 27. Qe3 Bxd4
28. Qxd4 Qb6 29. Qxb6 axb6 30. Rab1 Rc2 31. Rec1 Rxc1+ 32. Rxc1 Rc8 33. Kf2 Kf7
34. Ke3 Rc4 35. Ne2 Rc5 36. Nc3 Bb5 37. Kd4 Rc4+ 38. Ke3 Ba6 39. Kd2 Rd4+ 40.
Ke1 Kg6 41. Rb1 b5 42. Nxb5 Rxd5 43. Nc7 Ra5 44. Rb6 Bd3 45. Rxd6+ Kh5 46. Rd5
Rxa2 47. Rxf5+ Kh4 48. Nd5 e3 49. Nxe3 Bxf5 50. g3+ Kh3 51. Nxf5 Kxh2 52. g4
Kh3 53. Ne3 Kg3 54. Nd5 Kxg4 55. Nf6+ Kxf4 56. Nxh7 Kf5 0-1